000 00409pab a2200169 454500
008 180718b2001 xxu||||| |||| 00| 0 eng d
100 _aAnant, T.C.A.
245 _aRegulating the ivory tower
260 _c2001
300 _ap.13
362 _a24 Jun
650 _aEducation - India
650 _aHigher education - India
650 _aHigher education
773 _aBusiness Standard
909 _a49460
999 _c49460
_d49460